000
00283nam a22001337a 4500
008
171017b xxu||||| |||| 00| 0 eng d
020
_a
9780030330926
041
_a
eng
080
_2
2ND
_a
338
100
_a
53
101
_a
MEN
245
_a
MANAGEMENT
_c
DAFT,R.L
942
_2
udc
_c
BK
999
_c
34515
_d
34515